00769nam a2200241Ia 450000500170000000800410001702000220005804000190008004100120009908200150011110000220012624500880014826000450023630000140028150400500029563000140034565000120035965100200037185000100039194200070040199900170040895201020042520230711082827.0131103s9999 xx 000 0 und d a195658515cRs 595 aLoreto College aEnglish a574.5bRAN aRangan, Haripriya aOf myths and movementsb Rewriting Chipco into Himalayan History cHaripriya Rangan aNew DelhibOxford University Pressc2000 axvi,272p  aIncludes bibliographical references and index aMovements aEcology aChipco Movement aLCLIB cBK c26367d76846 00102ddc4070aMAINbMAINd2013-11-04l0o574.5 RAN 47144pB29230r2013-11-04w2013-11-04yBKf